000 00586nam a22002297a 4500
003 UA-OsUOA
001 92719
007 ta
008 20121221b un ||||| |||| 00| 0 ukr d
100 _aБузинарский Н.
090 _a821.161.1
_bБ90
942 _cBK
040 _aUA-OsUOA
_brus
_cUA-OsUOA
_dUA-OsUOA
245 _aЧерез Днепр
300 _a206 с.
955 _a3
041 _arus
080 _a821.161.1
260 _aМ.
_bВоениздат
_c1951
650 7 _a82 Література. Літературознавство
_2UDC
999 _c379129
_d379129